00353pab a2200133 454500008004000000100001900040245004600059260000900105300001100114362000800125650003000133700002200163773003400185180718b1987 xxu||||| |||| 00| 0 eng d aCain, Bruce C. aPredicting partisan redistricting disputs c1987 a265-74 aMay aVoting Districts - U.S.A. aJanet C. Compagre aLegislative Studies Quarterly